Holbeck v Scarborough BC (Record no. 62756)

MARC details
000 -LEADER
fixed length control field 00657cam a2200193 4500
001 - CONTROL NUMBER
control field X104572
008 - FIXED-LENGTH DATA ELEMENTS--GENERAL INFORMATION
fixed length control field 000000n2000 000 0 eng u
035 ## - SYSTEM CONTROL NUMBER
System control number (Sirsi) u104572
245 ## - TITLE STATEMENT
Title Holbeck v Scarborough BC
260 ## - PUBLICATION, DISTRIBUTION, ETC.
Date of publication, distribution, etc. 2000
490 ## - SERIES STATEMENT
Series statement New Property Cases
Volume/sequential designation [2000] 17 NPC 1-4(4)
520 ## - SUMMARY, ETC.
Summary, etc. CA 22 February 2000. An example of where a defendant landowner is not liable for acts of nature on his land causing damage to his neighbour's land. Headnote from journal - No photocopying allowed.
650 ## - SUBJECT ADDED ENTRY--TOPICAL TERM
Topical term or geographic name entry element ACTS OF NATURE
650 ## - SUBJECT ADDED ENTRY--TOPICAL TERM
Topical term or geographic name entry element DAMAGE
650 ## - SUBJECT ADDED ENTRY--TOPICAL TERM
Topical term or geographic name entry element HOLBECK V SCARBOROUGH BC
650 ## - SUBJECT ADDED ENTRY--TOPICAL TERM
Topical term or geographic name entry element NUISANCE
690 ## - LOCAL SUBJECT ADDED ENTRY--TOPICAL TERM (OCLC, RLIN)
Topical term or geographic name as entry element PROPERTY
942 ## - ADDED ENTRY ELEMENTS (KOHA)
Suppress in OPAC 0
Holdings
Withdrawn status Lost status Source of classification or shelving scheme Damaged status Not for loan Home library Current library Shelving location Date acquired Total Checkouts Full call number Barcode Date last seen Copy number Price effective from Koha item type
    Dewey Decimal Classification     London London Journal article 03/03/2000   X104572 104572-1001 06/08/2019 1 06/08/2019 Law report